|
|
|
|
| LEADER |
00000nab a2200000 4500 |
| 001 |
vtls011888046 |
| 003 |
SK-MaSNL |
| 005 |
20260426043104.0 |
| 008 |
190919|2018 xo |||| ||an ||00 0|slo |
| 015 |
|
|
|a SNBRB2019/09
|
| 040 |
|
|
|a SPKCL
|b slo
|e rda
|
| 041 |
|
|
|a slo
|b slo
|b eng
|
| 044 |
|
|
|a xo
|c SK
|
| 072 |
|
7 |
|a 51
|x Matematika
|2 konspekt
|
| 072 |
|
7 |
|a 37.09
|x Organizácia výučby a vzdelávanie
|2 konspekt
|
| 080 |
|
|
|a 51
|2 2011
|
| 080 |
|
|
|a 37.01/.09
|2 2011
|
| 245 |
0 |
0 |
|a Matematické vzdelávanie - zmeny pre budúcnosť
|
| 246 |
3 |
1 |
|a Mathematical Education - Changes for the Future
|
| 300 |
|
|
|b Grafy
|
| 336 |
|
|
|a text
|b txt
|2 rdacontent
|
| 337 |
|
|
|a bez média
|b n
|2 rdamedia
|
| 338 |
|
|
|a zväzok
|b nc
|2 rdacarrier
|
| 504 |
|
|
|a Obsahuje bibliografiu
|
| 546 |
|
|
|a Slovenské a anglické resumé
|
| 546 |
|
|
|a Súbežný názov v angličtine
|
| 650 |
0 |
7 |
|a matematika
|2 SNKPH
|9 70174
|
| 650 |
0 |
7 |
|a vzdelávanie
|2 SNKPH
|9 4033
|
| 650 |
0 |
7 |
|a školské reformy
|2 SNKPH
|9 50060
|
| 773 |
0 |
|
|t Naša škola
|g Roč. 22, č. 9 (2018/19), s. 33-41
|x 1335-2733
|
| 787 |
0 |
8 |
|i Recenzia:
|
| 856 |
4 |
1 |
|a www.pamiko.sk
|
| 958 |
|
|
|a NB
|
| 999 |
|
|
|c 1822913
|d 1824843
|